[Event "Women's Speed Chess Q2"]
[Site "chess.com INT"]
[Date "2020.06.19"]
[Round "6"]
[White "Filippova, Margarita"]
[Black "Khomeriki, Nino"]
[Result "0-1"]
[WhiteTitle "WFM"]
[BlackTitle "WGM"]
[WhiteElo "1931"]
[BlackElo "2319"]
[WhiteFideId "34199680"]
[BlackFideId "13603191"]
[EventDate "2020.06.19"]

1. Nf3 d5 2. d4 Nf6 3. c4 e6 4. Nc3 dxc4 5. e3 a6 6. Bxc4 b5 7. Bd3 Bb7 8. O-O
Nbd7 9. Re1 c5 10. b3 Bd6 11. Bb2 O-O 12. e4 cxd4 13. Nxd4 Qe7 14. Qe2 Ne5 15.
Bc2 Rfd8 16. Rad1 Ng6 17. Kh1 Rac8 18. Nf3 Ng4 19. h3 N4e5 20. Nd4 Bb8 21. Nb1
Qc7 22. g3 h6 23. f4 Nc6 24. Nxc6 Qxc6 25. Rxd8+ Rxd8 26. Nc3 b4 27. Na4 h5 28.
h4 Ne7 29. Kh2 Qb5 30. Qxb5 axb5 31. Nc5 Rd2+ 32. Kh3 Rxc2 33. Nxb7 Rxb2 34. Rc1
Kh7 35. Nd8 Kg6 36. Rc5 Rxa2 37. Rg5+ Kh7 38. Nxf7 g6 39. Nd8 Ra6 40. Nb7 Rb6
41. Nc5 Kg7 42. Nd7 Rb7 43. Nc5 Ra7 44. Nxe6+ Kf7 45. Nd8+ Ke8 46. Ne6 Ra3 47.
Ng7+ Kf7 48. Nxh5 gxh5 49. Rxh5 Rxb3 50. Rxb5 Ba7 51. h5 Bf2 52. h6 Rxg3+ 53.
Kh2 Rg4 54. h7 Kg7 55. Rb7 Bh4 56. f5 Kxh7 57. Kh3 Rxe4 0-1

[Event "Women's Speed Chess Q2"]
[Site "chess.com INT"]
[Date "2020.06.19"]
[Round "6"]
[White "Lesbekova, Asel"]
[Black "Cagara, Paulina"]
[Result "1-0"]
[WhiteTitle "WCM"]
[WhiteElo "1920"]
[BlackElo "2054"]
[WhiteFideId "13713248"]
[BlackFideId "1124870"]
[EventDate "2020.06.19"]

1. e4 c6 2. d4 d5 3. Nd2 a6 4. e5 Bf5 5. Ngf3 e6 6. Nb3 Nd7 7. Bd3 Bxd3 8. Qxd3
c5 9. c4 dxc4 10. Qxc4 b5 11. Qc2 c4 12. Nbd2 Nb6 13. O-O Ne7 14. Ne4 Ned5 15.
Nc3 Be7 16. Be3 O-O 17. Rad1 Rc8 18. a3 Nxc3 19. Qxc3 Nd5 20. Qc2 a5 21. Nd2 Qc7
22. Rc1 Qb7 23. a4 c3 24. Nf3 b4 25. b3 Rfd8 26. Bg5 Nb6 27. Rfd1 h6 28. Bxe7
Qxe7 29. Qe4 Rd5 30. Ne1 Qg5 31. f4 Qh5 32. Rd3 Rcd8 33. Nc2 Qg6 34. Qe2 Nc8 35.
Rcd1 Ne7 36. Rg3 Qh7 37. Qc4 Nf5 38. Rf3 Qg6 39. Kh1 Nh4 40. Rf2 Qg4 41. Ne3 Qg6
42. Nxd5 Rxd5 43. Qe2 Nf5 44. Qc4 Ne3 45. Qc8+ Kh7 46. Rc1 Rxd4 47. Qc5 Rd2 48.
Qxe3 Rd5 49. Rfc2 Qh5 50. h3 Rd1+ 51. Kh2 Rd5 52. Qf2 Qf5 53. g4 Qe4 54. Qe2
Qxf4+ 55. Kg2 Rd2 56. Rxd2 cxd2 57. Rd1 h5 58. Qxd2 Qe4+ 59. Kg1 hxg4 60. Qd3 f5
61. Qxe4 1-0

[Event "Women's Speed Chess Q2"]
[Site "chess.com INT"]
[Date "2020.06.19"]
[Round "6"]
[White "Tereladze, Sopiko"]
[Black "Antolak, Julia"]
[Result "0-1"]
[WhiteTitle "WIM"]
[BlackTitle "WIM"]
[WhiteElo "2141"]
[BlackElo "2323"]
[WhiteFideId "13600486"]
[BlackFideId "1159569"]
[EventDate "2020.06.19"]

1. d4 Nf6 2. Nf3 g6 3. Bf4 Bg7 4. e3 d6 5. h3 O-O 6. Be2 c5 7. O-O b6 8. c3 Bb7
9. Nbd2 Nbd7 10. Bh2 a6 11. a4 Ra7 12. Re1 Qa8 13. Bd3 Rc8 14. e4 Ne8 15. d5 Nc7
16. Qc2 b5 17. c4 Nb6 18. a5 Nxc4 19. Bxc4 bxc4 20. Nxc4 Qb8 21. Nb6 Re8 22. Nd2
Nb5 23. Ndc4 Qd8 24. Rad1 Nd4 25. Qa4 Bc8 26. Nxc8 Qxc8 27. Bxd6 exd6 28. Nxd6
Qd7 29. Qxd7 Rxd7 30. Nxe8 Bh8 31. f4 Kf8 32. b4 Nc2 33. bxc5 Kxe8 34. c6 Rc7
35. Re2 Nd4 36. Red2 Nb5 37. e5 Bg7 38. g4 Bf8 39. f5 gxf5 40. gxf5 Bb4 41. Rg2
Kf8 42. e6 fxe6 43. fxe6 Bxa5 44. Rf1+ Ke7 45. Rg7+ Kd6 46. Rd7+ Rxd7 47. cxd7
Kxd5 48. Rf8 Kxe6 49. d8=Q Bxd8 50. Rxd8 Nc7 51. Rh8 Kd6 52. Rxh7 a5 53. Rh4 Kc5
54. Rg4 Kb5 55. h4 a4 56. Rg7 Nd5 57. h5 a3 58. Ra7 Kb4 0-1

[Event "Women's Speed Chess Q2"]
[Site "chess.com INT"]
[Date "2020.06.19"]
[Round "6"]
[White "Matveeva, Olga"]
[Black "Schulze, Lara"]
[Result "1-0"]
[WhiteTitle "WIM"]
[BlackTitle "FM"]
[WhiteElo "2171"]
[BlackElo "2314"]
[WhiteFideId "24107018"]
[BlackFideId "12956830"]
[EventDate "2020.06.19"]

1. d4 Nf6 2. c4 e6 3. g3 c5 4. d5 exd5 5. cxd5 d6 6. Nc3 g6 7. Bg2 Bg7 8. Nf3
O-O 9. O-O Re8 10. Nd2 a6 11. a4 Nbd7 12. Nc4 Ne5 13. Nxe5 Rxe5 14. Bf4 Re8 15.
Re1 Ng4 16. e4 Bd4 17. Re2 Ne5 18. h3 Qf6 19. Qd2 Bxh3 20. Bxe5 Qxe5 21. Bxh3
Qxg3+ 22. Bg2 Qg4 23. Qd3 Re5 24. Qf3 Qh4 25. Qh3 Qf4 26. Qf3 Qh4 27. a5 Rae8
28. Rae1 Rh5 29. Kf1 Rg5 30. e5 Rgxe5 31. Rxe5 Rxe5 32. Rxe5 Bxe5 33. Qe4 Qxe4
34. Bxe4 f5 35. Bg2 Kf7 36. Ke2 Kf6 37. Kd3 g5 38. b3 h5 39. Ne2 f4 40. Ke4 g4
41. Nxf4 h4 42. Ne2 Bd4 43. Nxd4 cxd4 44. Kxd4 Kf5 45. Kc4 Kf4 46. Kd4 h3 47.
Bh1 g3 48. fxg3+ Kxg3 49. Ke4 Kh2 50. Bf3 Kg3 51. Ke3 Kh2 52. Kf4 Kg1 53. Kf5
Kf2 54. Be4 Ke3 55. b4 Kd4 56. Bh1 Kc4 57. Ke6 Kxb4 58. Kxd6 Kxa5 59. Kc7 b5 60.
d6 b4 61. d7 b3 62. d8=Q 1-0

[Event "Women's Speed Chess Q2"]
[Site "chess.com INT"]
[Date "2020.06.19"]
[Round "6"]
[White "Mrudul, Dehankar"]
[Black "Doluhanova, Evgeniya"]
[Result "0-1"]
[WhiteTitle "WIM"]
[BlackTitle "WGM"]
[WhiteElo "2256"]
[BlackElo "2229"]
[WhiteFideId "25096990"]
[BlackFideId "14112035"]
[EventDate "2020.06.19"]

1. e4 e5 2. Nf3 Nc6 3. Bb5 Nf6 4. Nc3 Bb4 5. O-O Nd4 6. Nxd4 exd4 7. Nd5 Nxd5 8.
exd5 O-O 9. Qg4 Bc5 10. b3 a6 11. Bd3 Qf6 12. Bb2 d6 13. Qg3 Bf5 14. Rfe1 Rae8
15. Qf3 Bg6 16. Qxf6 gxf6 17. Bxg6 fxg6 18. Kf1 Kf7 19. c4 dxc3 20. dxc3 c6 21.
dxc6 bxc6 22. c4 f5 23. Rxe8 Rxe8 24. Re1 Rb8 25. Re2 a5 26. Bc3 a4 27. b4 Bxb4
28. Rb2 c5 29. a3 Bxc3 30. Rxb8 Ke6 31. Ke2 d5 32. cxd5+ Kxd5 33. Kd3 Bd4 34. f3
c4+ 35. Kc2 Bc5 36. Rd8+ Kc6 37. Kb2 Bg1 38. h3 Kc5 39. Rc8+ Kd4 40. Rd8+ Ke3
41. Kc3 Kf2 42. Rd2+ Kg3 43. Kxc4 Bf2 44. Kb4 Kxg2 45. Kxa4 Kxf3 46. Kb5 Be3 47.
Rd3 Ke4 48. Rb3 f4 49. a4 f3 50. a5 f2 51. Rb1 Kf3 52. a6 Kg2 53. Kc6 f1=Q 54.
Rxf1 Kxf1 55. Kd6 g5 56. Ke6 h5 57. Kf5 Kg2 58. Kg6 Kxh3 59. Kxh5 g4 0-1

[Event "Women's Speed Chess Q2"]
[Site "chess.com INT"]
[Date "2020.06.19"]
[Round "6"]
[White "Fominykh, Maria"]
[Black "Berzina, Ilze"]
[Result "1/2-1/2"]
[WhiteTitle "WGM"]
[BlackTitle "WGM"]
[WhiteElo "2206"]
[BlackElo "2192"]
[WhiteFideId "4142411"]
[BlackFideId "11601345"]
[EventDate "2020.06.19"]

1. Nf3 d5 2. g3 Bg4 3. Bg2 Nd7 4. d3 c6 5. Nbd2 Ngf6 6. h3 Bh5 7. O-O e6 8. b3
Bd6 9. Bb2 O-O 10. e4 dxe4 11. dxe4 e5 12. Nc4 Bc7 13. Qe1 Qe7 14. a4 Bg6 15.
Nh4 Rfe8 16. Ba3 c5 17. Rd1 Rad8 18. Nxg6 hxg6 19. Ne3 Nb8 20. Qc3 Bd6 21. Nc4
Bc7 22. b4 cxb4 23. Bxb4 Qe6 24. Bc5 Nc6 25. Ne3 Ba5 26. Qb2 b6 27. Ba3 Nd4 28.
Kh2 Rc8 29. Rd3 Rc6 30. c3 Nb3 31. Nd5 Nc5 32. Bxc5 Rxc5 33. Qb3 Rec8 34. Rc1 g5
35. c4 g4 36. h4 Nd7 37. Re3 R5c6 38. Rd3 Nc5 39. Qd1 Nxd3 40. Qxd3 Qh6 41. Rc2
g5 42. Ne7+ Kf8 43. Nxc6 Qxc6 44. hxg5 Kg7 45. Kg1 Qe6 46. Qd5 Qg6 47. Qxe5+ Kh7
48. Qf5 Rd8 49. Qxg6+ Kxg6 50. e5 Kxg5 51. Bd5 Kf5 52. Re2 Re8 53. Re4 Rxe5 54.
Rf4+ Kg6 55. Rxf7 Rxd5 56. Rxa7 Rd1+ 57. Kg2 Rd4 58. c5 Rxa4 59. cxb6 Ra3 60. b7
Rb3 61. Rxa5 Rxb7 62. Ra4 Kg5 63. Rf4 Rb6 64. Rd4 Rb5 65. Rf4 Ra5 66. Rd4 Rb5
67. Rc4 Ra5 68. Rd4 Rb5 1/2-1/2

[Event "Women's Speed Chess Q2"]
[Site "chess.com INT"]
[Date "2020.06.19"]
[Round "6"]
[White "Lahav, Michal"]
[Black "Miroshnik, Ekaterina"]
[Result "0-1"]
[WhiteTitle "WIM"]
[BlackTitle "WFM"]
[WhiteElo "2219"]
[BlackElo "2139"]
[WhiteFideId "2813742"]
[BlackFideId "34127698"]
[EventDate "2020.06.19"]

1. e4 d6 2. d4 Nd7 3. Nc3 Ngf6 4. Nge2 e5 5. g3 Be7 6. Bg2 O-O 7. O-O c6 8. a4
Qc7 9. h3 b6 10. Be3 Bb7 11. g4 a6 12. Ng3 Rfe8 13. g5 Nxe4 14. Ncxe4 d5 15. Nc3
e4 16. Nce2 g6 17. Bf4 Qd8 18. Qd2 a5 19. Rfd1 Nf8 20. Be3 Ne6 21. h4 h6 22. Nf4
Nf8 23. gxh6 Bxh4 24. Nh3 Ne6 25. Ne2 Ba6 26. Nef4 Nc7 27. Bf1 Bc8 28. Bg2 Bg4
29. Ne2 Ra7 30. Re1 Ne6 31. Ng3 g5 32. Nf1 f5 33. Nh2 Rh7 34. c4 Rxh6 35. cxd5
cxd5 36. Rac1 Rg6 37. Qc3 Bxh3 38. Bxh3 g4 39. Bg2 g3 40. fxg3 Bxg3 41. Rf1 f4
42. Bf2 Bxf2+ 43. Rxf2 Qh4 44. Kh1 Qxf2 45. Rg1 f3 46. Nxf3 exf3 47. Qxf3 Qh4+
48. Bh3 Rxg1+ 49. Kxg1 Qg5+ 50. Kh2 Qg7 51. Bxe6+ Rxe6 52. Qxd5 Qc7+ 53. Kg2 Qf7
54. Kg1 Qg6+ 55. Kf1 Qf7+ 56. Kg2 Rg6+ 57. Kh3 Qxd5 58. b4 Qf7 59. b5 Qh7# 0-1

[Event "Women's Speed Chess Q2"]
[Site "chess.com INT"]
[Date "2020.06.19"]
[Round "6"]
[White "Ovezdurdiyeva, Jemal"]
[Black "Padmini, Rout"]
[Result "1-0"]
[WhiteTitle "WFM"]
[BlackTitle "IM"]
[WhiteElo "2061"]
[BlackElo "2370"]
[WhiteFideId "14001888"]
[BlackFideId "5029295"]
[EventDate "2020.06.19"]

1. d4 Nf6 2. c4 g6 3. Nc3 d5 4. Bg5 Ne4 5. Bf4 Nxc3 6. bxc3 dxc4 7. Qa4+ c6 8.
Qxc4 Bg7 9. Nf3 O-O 10. e3 Nd7 11. Be2 Qa5 12. O-O e5 13. dxe5 Nxe5 14. Nxe5
Bxe5 15. Bxe5 Qxe5 16. Rab1 Be6 17. Qd4 Qc7 18. a4 Rfd8 19. Qf6 Rd5 20. Rb4 Rf5
21. Qh4 Rc5 22. Qd4 b6 23. Bf3 Rd8 24. Qf6 Rf5 25. Qh4 c5 26. Re4 Rd2 27. Qh6
Re5 28. Rh4 f6 29. Qf4 Qd8 30. h3 g5 31. Qg3 Kg7 32. Re4 Rxe4 33. Bxe4 Bc4 34.
Re1 h6 35. h4 Qe7 36. Bf5 Bf7 37. e4 Qe5 38. Qe3 Rc2 39. hxg5 hxg5 40. Qd3 Rxc3
41. Qd7 Rc4 42. Qxa7 Rb4 43. Rd1 Rd4 44. Rb1 Rd6 45. g3 c4 46. Rxb6 Rxb6 47.
Qxb6 c3 48. Qc6 Qd4 49. Qc7 Qd1+ 50. Kg2 Qb3 51. a5 c2 52. a6 Qc4 53. Qxc4 Bxc4
54. a7 c1=Q 55. a8=Q Qf1+ 56. Kf3 Qxf2+ 57. Kxf2 Bf7 58. Qb7 Kf8 59. Qc8+ Kg7
60. Qd7 Kf8 61. Be6 Kg7 62. Qxf7+ Kh6 63. Bf5 g4 64. Qg6# 1-0

[Event "Women's Speed Chess Q2"]
[Site "chess.com INT"]
[Date "2020.06.19"]
[Round "6"]
[White "Eswaran, Aksithi"]
[Black "Chirivi C, Angie Lizeth"]
[Result "1-0"]
[WhiteTitle "WCM"]
[BlackTitle "WFM"]
[WhiteElo "1745"]
[BlackElo "1999"]
[WhiteFideId "2083485"]
[BlackFideId "4402421"]
[EventDate "2020.06.19"]

1. e4 e5 2. Nf3 Nc6 3. Bc4 Bc5 4. c3 Nf6 5. d4 exd4 6. e5 d5 7. Bb5 Ne4 8. cxd4
Bb6 9. Nc3 Nxc3 10. bxc3 O-O 11. O-O Ne7 12. Bd3 c5 13. Qc2 Ng6 14. h3 c4 15.
Be2 h6 16. Nh2 Qh4 17. Nf3 Qe7 18. a4 Bc7 19. Ba3 Qe8 20. Bxf8 Qxf8 21. Nh2 f5
22. f4 Be6 23. Bf3 Nh4 24. Rfb1 b6 25. Qf2 g5 26. g3 Ng6 27. Bh5 Ne7 28. Nf3 Qg7
29. Kh2 Kh8 30. Rg1 Nc6 31. Nd2 Na5 32. Qe3 Bd8 33. Rab1 Be7 34. Nf3 Rg8 35.
Rbf1 g4 36. hxg4 fxg4 37. Nd2 Bf5 38. Kg2 Nc6 39. Rh1 Bf8 40. Kf2 Qe7 41. Ke2
Qa3 42. Rh4 Kg7 43. Bxg4 Bxg4+ 44. Rxg4+ Kh7 45. Rxg8 Kxg8 46. f5 Kf7 47. e6+
Ke8 48. f6 a5 49. e7 Nxe7 50. fxe7 Bxe7 51. Re1 Kd8 52. Kf2 Bg5 53. Qe8+ Kc7 54.
Qe5+ Kd8 55. Qxd5+ Kc7 56. Qxc4+ Kb7 57. Qd3 Qd6 58. Ne4 Qf8+ 59. Kg2 Bd8 60. d5
Ka7 61. Rf1 Qa3 62. Rf7+ Ka8 63. Qa6+ 1-0

[Event "Women's Speed Chess Q2"]
[Site "chess.com INT"]
[Date "2020.06.19"]
[Round "6"]
[White "Tomilova, Elena"]
[Black "Danielian, Elina"]
[Result "1-0"]
[WhiteTitle "WGM"]
[BlackTitle "GM"]
[WhiteElo "2353"]
[BlackElo "2407"]
[WhiteFideId "4162340"]
[BlackFideId "13300210"]
[EventDate "2020.06.19"]

1. d4 Nf6 2. Bg5 Ne4 3. Bf4 d6 4. Nd2 Nxd2 5. Qxd2 Nd7 6. e3 g6 7. Nf3 Bg7 8.
Bc4 O-O 9. O-O a6 10. Rfd1 b5 11. Be2 Bb7 12. a4 c6 13. h3 Qc7 14. Bh2 Rfd8 15.
c3 Nb6 16. a5 Nd7 17. c4 bxc4 18. Bxc4 c5 19. d5 Rab8 20. Qe2 Nf6 21. e4 Ra8 22.
e5 Ne8 23. e6 f5 24. Ra2 Rdb8 25. b3 Nf6 26. Ng5 h6 27. Nf7 Kh7 28. Bf4 Ne4 29.
Rc1 Rf8 30. Qf3 Nf6 31. Rd1 Bc8 32. Qe3 Ng8 33. h4 Rb8 34. Qd3 Nf6 35. Qe3 Ng4
36. Qe2 Rb4 37. f3 Nf6 38. Qe3 Ng8 39. Bh2 Bd7 40. h5 g5 41. Qd3 Rxf7 42. exf7
Nf6 43. Re1 Qd8 44. Rae2 Bf8 45. Bxa6 Kg7 46. Bc4 Kxf7 47. a6 Qb6 48. Ra1 Qa7
49. Rea2 Bc8 50. Bg3 Nxh5 51. Be1 Rb8 52. Bc3 Nf6 53. Bxf6 Kxf6 54. Qc3+ Kf7 55.
Qc2 Bg7 56. Re1 Bd4+ 57. Kh1 Rb6 58. Qe2 Bf6 59. Qd3 Kg6 60. Rae2 Bxa6 61. g4
Bxc4 62. Qxf5+ Kg7 63. bxc4 Rb7 64. Re6 Qa3 65. Kg2 Qc3 66. R6e3 Qd4 67. Qe4
Qb2+ 68. R3e2 Qc3 69. Qf5 Qd4 70. Re4 Qc3 71. R1e2 1-0

[Event "Women's Speed Chess Q2"]
[Site "chess.com INT"]
[Date "2020.06.19"]
[Round "6"]
[White "Keetman, Maaike"]
[Black "Zhukova, Natalia"]
[Result "1-0"]
[WhiteTitle "WFM"]
[BlackTitle "GM"]
[WhiteElo "2169"]
[BlackElo "2328"]
[WhiteFideId "1033697"]
[BlackFideId "14101513"]
[EventDate "2020.06.19"]

1. e4 e5 2. Nf3 Nc6 3. Bb5 a6 4. Ba4 Nf6 5. d3 b5 6. Bb3 Bc5 7. Nc3 h6 8. Nd5 d6
9. c3 Rb8 10. O-O O-O 11. d4 Ba7 12. Be3 Nxe4 13. Re1 exd4 14. Nxd4 Nxd4 15.
Bxd4 Bxd4 16. Qxd4 Nc5 17. Ne7+ Kh8 18. Nc6 Qg5 19. Nxb8 Bb7 20. g3 Nxb3 21.
axb3 Rxb8 22. Qa7 Qd5 23. Qxb8+ Kh7 24. Kf1 Qg2+ 25. Ke2 Be4 26. Kd2 Qxf2+ 27.
Re2 Qf3 28. Qa7 Qd3+ 29. Ke1 Bg6 30. Qe3 Qf5 31. Rf2 Qh5 32. Rd1 d5 33. Rd4 c5
34. Rdf4 Qh3 35. Rh4 Qd7 36. Qxc5 Qe6+ 37. Kd2 a5 38. Qe3 Qd6 39. Rd4 a4 40.
bxa4 bxa4 41. Rxa4 Qb8 42. Rb4 Qa8 43. Qd4 Qa1 44. Re2 Qb1 45. Re1 Qc2+ 46. Ke3
Qxh2 47. Qh4 Qg2 48. Rd4 Qc2 49. Rh1 Qxb2 50. Qf4 Qxc3+ 51. Rd3 Qc5+ 52. Qd4
Qe7+ 53. Kd2 Qg5+ 54. Qf4 Qe7 55. Rxd5 Qa3 56. Qe3 Qa2+ 57. Kc3 Qxd5 58. Qd4
Qxh1 59. Qh4 Qa1+ 60. Kd2 Qb1 61. Ke3 Qd3+ 62. Kf2 Qe4 63. Qh2 Qf5+ 64. Kg1 Qb1+
65. Kf2 Qc2+ 66. Kg1 Qd1+ 67. Kf2 Qd2+ 68. Kg1 Qe1+ 69. Kg2 Be4+ 70. Kh3 Qe2 71.
Qxe2 Bf5+ 72. g4 Bg6 73. Kg3 f6 74. Qe3 Bf7 75. Qe7 Bg6 76. Kf4 h5 77. gxh5 Bxh5
78. Kf5 Bg6+ 79. Ke6 Bh5 80. Qf8 Bg6 81. Qc5 f5 82. Qg1 Kh6 83. Qg3 Bh7 84. Qf4+
Kg6 85. Qxf5+ Kh6 86. Qh3+ Kg6 87. Ke5 Bg8 88. Qg4+ Kh6 89. Kf5 Bh7+ 90. Ke6
Bg8+ 91. Ke7 Bh7 92. Kf8 Bd3 93. Qxg7+ Kh5 94. Qe5+ Kg4 95. Qd4+ 1-0

[Event "Women's Speed Chess Q2"]
[Site "chess.com INT"]
[Date "2020.06.19"]
[Round "6"]
[White "Toncheva, Nadya"]
[Black "Sukandar, Irine Kharisma"]
[Result "1-0"]
[WhiteTitle "WFM"]
[BlackTitle "IM"]
[WhiteElo "2064"]
[BlackElo "2413"]
[WhiteFideId "2924056"]
[BlackFideId "7101937"]
[EventDate "2020.06.19"]

1. e4 c5 2. c3 Nf6 3. e5 Nd5 4. Nf3 Nc6 5. Bc4 Nb6 6. Bb3 d5 7. exd6 Qxd6 8. O-O
c4 9. Bc2 Bg4 10. h3 Bh5 11. b3 Ne5 12. g4 Bg6 13. Nxe5 Qxe5 14. d4 cxd3 15.
Bxd3 O-O-O 16. Qe2 Qxe2 17. Bxe2 h5 18. Bf4 hxg4 19. hxg4 f6 20. Nd2 e5 21. Be3
Nd5 22. Nf3 Nxe3 23. fxe3 Bc5 24. Kf2 Be4 25. Rh1 a6 26. Rxh8 Rxh8 27. Rd1 Bxf3
28. Bxf3 Rh2+ 29. Bg2 Bxe3+ 30. Kg3 Bf4+ 31. Kf2 Rh8 32. Rd3 Kc7 33. Be4 g6 34.
c4 Rh2+ 35. Bg2 e4 36. Rd4 f5 37. gxf5 gxf5 38. Kg1 Rh8 39. Kf1 Be3 40. Rd5 Rf8
41. Ke2 Bh6 42. Bh3 f4 43. Re5 f3+ 44. Kf1 e3 45. Re7+ Kb8 46. Bg4 e2+ 47. Ke1
Rd8 48. Bxf3 Bd2+ 49. Kxe2 b5 50. Rb7+ Kc8 51. cxb5 axb5 52. Rxb5 Bf4 53. Rc5+
Kd7 54. Rc2 Ke6 55. Be4 Ke5 56. Bd3 Rh8 57. Rc4 Rh2+ 58. Kf3 Rh3+ 59. Ke2 Re3+
60. Kd2 Rh3+ 61. Kc3 Rh2 62. Re4+ Kf5 63. Re2+ Kf6 64. Rxh2 Bxh2 65. Kc4 Ke7 66.
Kc5 Kd7 67. Bf5+ Kc7 68. b4 Bg1+ 69. Kb5 Kb7 70. a4 Ka7 71. Be4 Bf2 72. Kc6 Bd4
73. a5 Bc3 74. Kc5 Bd2 75. Kb5 Be1 76. Ka4 Bd2 77. b5 Be3 78. Kb4 Bd2+ 79. Ka4
Be3 80. Bc6 Bf2 81. Be8 Be3 82. Kb3 Bd2 83. b6+ Ka6 84. Ka4 1-0

[Event "Women's Speed Chess Q2"]
[Site "chess.com INT"]
[Date "2020.06.19"]
[Round "7"]
[White "Nikulina, Alena"]
[Black "Demchenko, Svitlana"]
[Result "0-1"]
[WhiteTitle "WFM"]
[BlackTitle "WIM"]
[WhiteElo "1887"]
[BlackElo "2071"]
[WhiteFideId "4172051"]
[BlackFideId "14149893"]
[EventDate "2020.06.19"]

1. e4 d5 2. exd5 Nf6 3. Bb5+ Bd7 4. Bc4 Bg4 5. f3 Bf5 6. Nc3 Nbd7 7. Nge2 Nb6 8.
Bb5+ Bd7 9. Bc4 Nxc4 10. O-O g6 0-1

[Event "Women's Speed Chess Q2"]
[Site "chess.com INT"]
[Date "2020.06.19"]
[Round "7"]
[White "Berzina, Ilze"]
[Black "Mrudul, Dehankar"]
[Result "0-1"]
[WhiteTitle "WGM"]
[BlackTitle "WIM"]
[WhiteElo "2192"]
[BlackElo "2256"]
[WhiteFideId "11601345"]
[BlackFideId "25096990"]
[EventDate "2020.06.19"]

1. e4 c5 2. Nf3 d6 3. Bb5+ Bd7 4. Bxd7+ Qxd7 5. O-O Nc6 6. c3 g6 7. d4 cxd4 8.
cxd4 Nf6 9. Nc3 Bg7 10. Re1 O-O 11. Bg5 Ne8 12. Qd2 Nc7 13. Bh6 d5 14. exd5 Nxd5
15. Ne4 Rad8 16. Nc5 Qc7 17. Bf4 Nxf4 0-1

[Event "Women's Speed Chess Q2"]
[Site "chess.com INT"]
[Date "2020.06.19"]
[Round "7"]
[White "Anu, Bayar"]
[Black "Putri, Regita Desyari"]
[Result "0-1"]
[WhiteTitle "WFM"]
[BlackTitle "WFM"]
[WhiteElo "2102"]
[BlackElo "1897"]
[WhiteFideId "4901339"]
[BlackFideId "7109083"]
[EventDate "2020.06.19"]

1. d4 Nf6 2. c4 e6 3. Nc3 d5 4. cxd5 exd5 5. Bg5 Be7 6. Qc2 O-O 7. e3 b6 8. Bd3
h6 9. Bh4 Bb7 10. Nge2 Ne4 11. Nxd5 Bxh4 12. Bxe4 Bxd5 0-1

[Event "Women's Speed Chess Q2"]
[Site "chess.com INT"]
[Date "2020.06.19"]
[Round "7"]
[White "Cagara, Paulina"]
[Black "Sharmin, Samiha Shimmi"]
[Result "1-0"]
[BlackTitle "WCM"]
[WhiteElo "2054"]
[BlackElo "1812"]
[WhiteFideId "1124870"]
[BlackFideId "10203087"]
[EventDate "2020.06.19"]

1. e4 d5 2. exd5 Qxd5 3. Nc3 Qd6 4. d4 Nf6 5. g3 a6 6. Bf4 Qb4 7. Ne2 Bg4 8. Bg2
Nc6 9. O-O O-O-O 10. Bxc6 bxc6 11. Qd3 e5 12. Qxa6+ Kd7 13. dxe5 Nd5 14. Rad1
Ke8 15. Qxc6+ 1-0

[Event "Women's Speed Chess Q2"]
[Site "chess.com INT"]
[Date "2020.06.19"]
[Round "7"]
[White "Castillo Pena, Patricia Evarista"]
[Black "Lee, Dariya"]
[Result "1-0"]
[WhiteTitle "WCM"]
[BlackTitle "WCM"]
[WhiteElo "1770"]
[BlackElo "1523"]
[WhiteFideId "6412106"]
[BlackFideId "13801651"]
[EventDate "2020.06.19"]

1. e4 c5 2. Nf3 d6 3. d4 cxd4 4. Nxd4 Nf6 5. Nc3 g6 6. Be2 Bg7 7. Be3 Nc6 8. Qd2
Bd7 9. f3 O-O 10. h4 h5 11. O-O-O Rc8 12. Rdg1 a5 13. g4 Ne5 14. gxh5 Nxh5 15.
f4 Nc4 16. Qd3 Nxe3 17. Qxe3 Qb6 18. Rd1 Bxd4 19. Qxd4 Qxd4 20. Rxd4 Ng3 21. Rg1
Nxe2+ 22. Nxe2 b5 23. h5 Kg7 24. hxg6 fxg6 25. f5 Rf6 26. Nf4 e5 27. fxe6 Bc6
28. Nh5+ Kh6 29. Nxf6 Rf8 30. Nd5 Bxd5 31. exd5 Rf5 32. Re4 Rxd5 33. e7 Re5 34.
Rxe5 dxe5 35. e8=Q 1-0

[Event "Women's Speed Chess Q2"]
[Site "chess.com INT"]
[Date "2020.06.19"]
[Round "7"]
[White "Xu, Yuanyuan"]
[Black "Tereladze, Sopiko"]
[Result "0-1"]
[WhiteTitle "WGM"]
[BlackTitle "WIM"]
[WhiteElo "2317"]
[BlackElo "2141"]
[WhiteFideId "8601089"]
[BlackFideId "13600486"]
[EventDate "2020.06.19"]

1. d4 Nf6 2. c4 e6 3. g3 d5 4. Nf3 Be7 5. Bg2 O-O 6. O-O dxc4 7. Qc2 a6 8. a4
Nc6 9. Qxc4 Qd5 10. Nbd2 Qxc4 11. Nxc4 Bd7 12. Rd1 Rfd8 13. Nfe5 Nxe5 14. dxe5
Nd5 15. Bxd5 exd5 16. Rxd5 Be6 17. Rxd8+ Rxd8 18. Ne3 f6 19. f4 fxe5 20. fxe5
Bh3 21. b3 Bc5 22. Kf2 Rf8+ 23. Ke1 Bxe3 24. e6 Rf1# 0-1

[Event "Women's Speed Chess Q2"]
[Site "chess.com INT"]
[Date "2020.06.19"]
[Round "7"]
[White "Yu, Jennifer"]
[Black "Buksa, Nataliya"]
[Result "1-0"]
[WhiteTitle "FM"]
[BlackTitle "IM"]
[WhiteElo "2315"]
[BlackElo "2410"]
[WhiteFideId "2078341"]
[BlackFideId "14123622"]
[EventDate "2020.06.19"]

1. d4 d5 2. c4 e6 3. Nc3 Nf6 4. cxd5 exd5 5. Bg5 Nbd7 6. e3 c6 7. Bd3 Be7 8.
Nge2 Nf8 9. Qc2 Ne6 10. Bh4 g6 11. h3 Nh5 12. Bxe7 Qxe7 13. O-O-O Bd7 14. Kb1
O-O-O 15. Nxd5 Qd6 16. Ndc3 Nhg7 17. Nb5 Qb8 18. d5 Nf8 19. Ned4 Be8 20. dxc6
Nfe6 21. cxb7+ Kxb7 22. Be4+ Kb6 23. Nc6 Rxd1+ 24. Rxd1 Qc8 25. Nbxa7 Qa6 26.
Qb3+ Kc5 27. Qb4# 1-0

[Event "Women's Speed Chess Q2"]
[Site "chess.com INT"]
[Date "2020.06.19"]
[Round "7"]
[White "Mikheeva, Galina"]
[Black "Chen, Yining"]
[Result "1-0"]
[WhiteTitle "WFM"]
[BlackTitle "WCM"]
[WhiteElo "1901"]
[BlackElo "1745"]
[WhiteFideId "44108320"]
[BlackFideId "8620946"]
[EventDate "2020.06.19"]

1. e4 e5 2. Nf3 Nc6 3. d4 exd4 4. Nxd4 Bc5 5. Be3 Qf6 6. c3 Nge7 7. Be2 b6 8.
O-O Bb7 9. Nxc6 Qxc6 10. Bxc5 Qxc5 11. Nd2 Ng6 12. Nb3 Qe7 13. f3 O-O-O 14. Bc4
Ne5 15. Bb5 a6 16. Be2 d5 17. exd5 Rxd5 18. Qc2 Ng6 19. Rad1 Rhd8 20. Bc4 Qe3+
21. Kh1 Rxd1 22. Rxd1 Rxd1+ 23. Qxd1 Ne5 24. Be2 a5 25. Nd4 Ng6 26. Nf5 Nf4 27.
Nxe3 1-0

[Event "Women's Speed Chess Q2"]
[Site "chess.com INT"]
[Date "2020.06.19"]
[Round "7"]
[White "Rakhmangulova, Anastasiya"]
[Black "Hryzlova, Sofiia"]
[Result "1-0"]
[WhiteTitle "WIM"]
[WhiteElo "2191"]
[BlackElo "1940"]
[WhiteFideId "14117479"]
[BlackFideId "14174669"]
[EventDate "2020.06.19"]

1. e4 c5 2. Nf3 Nc6 3. d4 cxd4 4. Nxd4 Nf6 5. Nc3 d6 6. Bg5 Bd7 7. Qd2 h6 8.
Bxf6 gxf6 9. O-O-O Nxd4 10. Qxd4 Qa5 11. f4 Rc8 12. Kb1 Qc5 13. f5 h5 14. h4 Bh6
15. Be2 Bf4 16. Bf3 Be5 17. Qxc5 Rxc5 18. Ne2 e6 19. Nc1 Bb5 20. g4 hxg4 21.
Bxg4 Ke7 22. h5 Rh6 23. Bf3 Rc8 24. Rhg1 Bc6 25. fxe6 fxe6 26. Rg7+ Kd8 27. Nd3
Rc7 28. Rg8+ Kd7 29. Nc5+ Ke7 30. Rg7+ Kd8 31. Nxe6+ 1-0